Lectura histórica de la novela "El recurso del método" de Alejo Carpentier

Gorde:
Xehetasun bibliografikoak
Egile nagusia: Durán Luzio, Juan
Formatua: Liburua
Hizkuntza:Undetermined
Argitaratua: Heredia, Costa Rica EUNA 1982
Gaiak:
Etiketak: Etiketa erantsi
Etiketarik gabe, Izan zaitez lehena erregistro honi etiketa jartzen!

MARC

LEADER 00000nam a2200000Ia 4500
008 170316s9999 xx 000 0 und d
090 |a 801 D-17L 
100 |a Durán Luzio, Juan 
245 |a Lectura histórica de la novela "El recurso del método" de Alejo Carpentier 
260 |a Heredia, Costa Rica 
260 |b EUNA 
260 |c 1982 
300 |a 136 páginas 
650 |a TEORÍA LITERARIA 
650 |a CARPENTIER ALEJO 
650 |a CRÍTICA 
650 |a INTERPRETACIÓN 
650 |a NOVELA 
650 |a TINOCO GRANADOS FEDERICO 
650 |a MIGUEL DE CERVANTES Y SAAVEDRA 
650 |a EL NOVELISTA 
650 |a EL HISTORIADOR 
999 |c 20232  |d 20232 
040 |a cru BVZT 
942 |c 15 D  |h 801 D-17L  |2 z